GETS Theological Seminary Library

It's miraculous when God makes a way: (Record no. 11386)

MARC details
000 -LEADER
fixed length control field 00613nam a2200169Ia 4500
008 - FIXED-LENGTH DATA ELEMENTS--GENERAL INFORMATION
fixed length control field 200815s9999||||xx |||||||||||||| ||und||
041 ## - LANGUAGE CODE
Language code of text/sound track or separate title eng
050 ## - LIBRARY OF CONGRESS CALL NUMBER
Classification number BV3424.L64
Item number .A3 1996
100 ## - MAIN ENTRY--PERSONAL NAME
Personal name Logan, Lois Donnelson
245 #0 - TITLE STATEMENT
Title It's miraculous when God makes a way:
Remainder of title or, how I learned that- - "ye are not your own-- " /
Statement of responsibility, etc. Lois Donnelson Logan
260 ## - PUBLICATION, DISTRIBUTION, ETC.
Place of publication, distribution, etc. Springfield, Mo. :
Name of publisher, distributor, etc. Video Bible Studies International,
Date of publication, distribution, etc. 1996
300 ## - PHYSICAL DESCRIPTION
Extent 228 p. :
Other physical details ill. ;
Dimensions 23 cm.
650 ## - SUBJECT ADDED ENTRY--TOPICAL TERM
Topical term or geographic name entry element Baptists -- Missions -- History.
650 ## - SUBJECT ADDED ENTRY--TOPICAL TERM
Topical term or geographic name entry element Logan, Lois Donnelson.
650 ## - SUBJECT ADDED ENTRY--TOPICAL TERM
Topical term or geographic name entry element Missionaries -- China -- Biography.
Holdings
Withdrawn status Lost status Damaged status Not for loan Home library Current library Shelving location Date acquired Total Checkouts Full call number Barcode Date last seen Price effective from Koha item type
        GETS Theological Seminary Library GETS Theological Seminary Library General Stacks 08/15/2020   BV3424.L64 .A3 1996 00002238 08/15/2020 08/15/2020 English Books
OpacCredits

Contact the Librarian, GETS Library
Email: library@mygets.org









Implemented by GETS Library
(Powered by ETCA Professional Group)
GETS Theological Seminary
412 E. Rowland Street, CA 91723